日本の国営公園 - Statistics

General Stats
  • This quiz has been taken 29 times
  • The average score is 3 of 18
Answer Stats
都道府県 公園名 % Correct
東京都 国営昭和記念公園
65%
茨城県 国営ひたち海浜公園
61%
埼玉県 国営武蔵丘陵森林公園
39%
岐阜県愛知県 三重県 国営木曽三川公園
17%
福岡県 国営海の中道海浜公園
17%
北海道 国営滝野すずらん丘陵公園
13%
長野県 国営アルプスあづみの公園
13%
京都府大阪府 淀川河川公園
13%
兵庫県 国営明石海峡公園
13%
奈良県 国営飛鳥歴史公園
13%
広島県 国営備北丘陵公園
13%
佐賀県 国営吉野ヶ里歴史公園
13%
沖縄県 国営沖縄記念公園
13%
宮城県 国営みちのく杜の湖畔公園
9%
東京都 国営東京臨海広域防災公園
9%
新潟県 国営越後丘陵公園
9%
香川県 国営讃岐まんのう公園
9%
奈良県 国営平城宮跡歴史公園
4%
No matching quizzes found
Score Distribution
Percent of People with Each Score
Percentile by Number Answered
Your Score History
You have not taken this quiz